Asthma: Ask the experts. (Record no. 8006)

MARC details
000 -LEADER
fixed length control field 00425nam a22001577a 4500
003 - CONTROL NUMBER IDENTIFIER
control field OSt
005 - DATE AND TIME OF LATEST TRANSACTION
control field 20220829085222.0
008 - FIXED-LENGTH DATA ELEMENTS--GENERAL INFORMATION
fixed length control field 220829b ||||| |||| 00| 0 eng d
040 ## - CATALOGING SOURCE
Transcribing agency DNML
082 ## - DEWEY DECIMAL CLASSIFICATION NUMBER
Classification number WF553A71a 1997
245 ## - TITLE STATEMENT
Title Asthma: Ask the experts.
Statement of responsibility, etc. National Asthma Training Centre.
260 ## - PUBLICATION, DISTRIBUTION, ETC. (IMPRINT)
Place of publication, distribution, etc. London;
Name of publisher, distributor, etc. Class Publishing.
Date of publication, distribution, etc. 1997
300 ## - PHYSICAL DESCRIPTION
Extent xii,244p;
Other physical details ill;
Dimensions 23cm
650 ## - SUBJECT ADDED ENTRY--TOPICAL TERM
Topical term or geographic name as entry element Medicine.
9 (RLIN) 324
942 ## - ADDED ENTRY ELEMENTS (KOHA)
Source of classification or shelving scheme Dewey Decimal Classification
Koha item type Open Shelf
Holdings
Withdrawn status Lost status Source of classification or shelving scheme Damaged status Not for loan Home library Current library Date acquired Source of acquisition Inventory number Total Checkouts Full call number Barcode Date last seen Price effective from Koha item type
    Dewey Decimal Classification     MUST Main Library MUST Main Library 29/08/2022 Purchase 07/28455   WF553A71a 1997 2022-7944 29/08/2022 29/08/2022 Open Shelf